Responses for Show #512 - Tuesday, November 25, 1986

Contestants

[<< previous game]

Sally Mason, a writer from Santa Monica, California

Craig Schuman, an attorney from Seattle, Washington

Linda Williams, an engineering reports clerk from Pasadena, California (whose 3-day cash winnings total $19,500)

[next game >>]

Jeopardy! Round responses

SCIENCE
FOLK DANCES
THEATRE
AUSTRALIA
FAMOUS HORSES
STICKY STUFF
    $100 10
alcohols

Sally
    $100 8
(Craig: What is Scotland?)

Ireland

LindaCraig
    $100 2
noh theater

Craig
    $100 11
south

Sally
    $100 1
(Sally: What is, uh, Troy?)

the Greeks

CraigSally
    $100 13
(salt water) taffy

Linda
    $200 16
Galileo

Sally
    $200 17
square dancing

Linda
    $200 3
vaudeville

Linda
    $200 12
(Sally: What are Aborigines?)
...
(Alex: Yes, 32 million [*] and only 16 million people in the country.)

kangaroos

CraigSally
    $200 4
Black Beauty

Sally
    $200 14
a Roach Motel

Linda
    $300 28
stalactites

Craig
    $300 20
Cuba

Sally
    $300 5
London

Craig
    $300 23
criminals (convicts)

Craig
    $300 9
Ben-Hur

Craig
    $300 15
the Tar-Baby

Craig
    $400 29
[The end-of-round signal sounds prior to the Daily Double being uncovered.]

birds

Triple Stumper
    $400 21
the Highland Fling

Triple Stumper
    $400 6
the Flying Karamazov Brothers

Triple Stumper
    $400 24
(Sally: What is camel?)
...
(Alex: Less than a minute to go.)

koala

CraigSally
    $400 18
Gunpowder

Triple Stumper
    $400 19
molasses

Sally
    $500 22
the Ukraine

Sally
    $500 7
Brighton Beach Memoirs & Biloxi Blues

Sally
    $500 25
Mount Kosciuszko

Triple Stumper
    $500 27
(2 of) Seattle Slew & Affirmed (or Secretariat)

Linda
    $500 26
mucilage

Sally

Scores at the first commercial break (after clue 13):

Linda Craig Sally
$400 $900 $600

Scores at the end of the Jeopardy! Round:

Linda Craig Sally
$1,300 $2,200 $2,100

Double Jeopardy! Round responses

THE '50s
NEWSCASTERS
STARTS WITH "P"
KING ARTHUR
OPERA
TRUCKS
    $200 1
types of dresses

Sally
    $200 8
Huntley & Brinkley

Sally
    $200 16
periscope

Sally
    $200 2
Avalon

Sally
    $200 13
Aida

Sally
    $200 23
(Sally: What is World War II?)

World War I

CraigSally
    $400 4
(Gamal Abdel) Nasser

Craig
    $400 10
Edward R. Murrow

Sally
    $400 20
a profile

Linda
    $400 3
the Round Table

Linda
    $400 14
Chicago

Linda
    $400 24
[The end-of-round signal sounds.]

Speedwagon

Craig
    $1,400 5
(Alex: Do you have a response for me?)
(Craig: Uh, who was... Jack West?)

Sheb Wooley

Craig
    $600 15
Salinger

Craig
    $200 22
pass

Craig
    $600 9
Excalibur

Linda
    $600 17
Verdi

Sally
    $800 6
(Alex: Not fast enough, Sally.)

Sukarno

Triple Stumper
    $800 21
(Alex: [After the next clue selection] Less than a minute to go.)

Walter Cronkite

Craig
    $800 11
(Craig: Who is Mordred?)

Sir Galahad

CraigSally
    $800 18
Seville

Triple Stumper
    $1000 7
(Sally: Who was, uh... Kennedy?)
(Craig: Who was Cohen?)
(Alex: Ro--would you say it again please?)
(Craig: Who is Cohen?)
(Alex: All right, Roy...)
(Craig: C-O-H-E-N.)
(Alex: No.)
...
(Alex: That's why I asked you to repeat it the first time Craig; when you didn't give me the first name I had doubts as to whether or not you knew exactly who we were going for.)

Roy Cohn

LindaCraigSally
    $1000 12
(Sir Thomas) Malory

Sally
    $1000 19
Rudolf Bing

Sally

Scores at the end of the Double Jeopardy! Round:

Linda Craig Sally
$4,100 $1,600 $5,700

[wagering suggestions for these scores]

Final Jeopardy! Round responses

BUSINESS & INDUSTRY
CraigWhat is Master Card?
$1,499
LindaWhat is Mastercard?
$1,700
SallyWhat is Visa?
$2,699
Visa

Final scores:

Linda Craig Sally
$2,400 $101 $8,399
2nd place: trip on Eastern to Jamica & stay at Holiday Inn Montego Bay 3rd place: Vitamaster Monitor 500M exercise cycle New champion: $8,399

Game dynamics:

Coryat scores:

Linda Craig Sally
$4,100 $3,400 $5,700
11 R,
0 W
15 R
(including 1 DD),
4 W
(including 1 DD)
19 R,
5 W

Combined Coryat: $13,200

[game clues] [game scores] [suggest correction]

Game tape date: 1986-09-10
The J! Archive is created by fans, for fans. Scraping, republication, monetization, and malicious use prohibited; this site may use cookies and collect identifying information. See terms. The Jeopardy! game show and all elements thereof, including but not limited to copyright and trademark thereto, are the property of Jeopardy Productions, Inc. and are protected under law. This website is not affiliated with, sponsored by, or operated by Jeopardy Productions, Inc. Join the discussion at JBoard.tv.